[Event "8e Festival de Vaujany 2017 - accession"]
[Site "?"]
[Date "2017.07.18"]
[Round "6.5"]
[White "Gazik, Jakub"]
[Black "Drillat, Michel"]
[Result "1-0"]
[WhiteElo "1715"]
[BlackElo "1865"]
[PlyCount "41"]
[SourceDate "2017.07.14"]

1. d4 Nf6 2. Nf3 c5 3. e3 d5 4. Nbd2 e6 5. b3 Nc6 6. Bb2 Bd6 7. a3 O-O 8. Bd3
Re8 9. Ne5 cxd4 10. exd4 Nd7 $2 11. Bxh7+ {cette petite combinaison permet de
gagner deux pions sans aucune compensation pour les noirs} Kxh7 12. Nxf7 Qh4
13. Nxd6 Rf8 14. Nf3 Qe7 15. Nxc8 Raxc8 16. Qd3+ Kg8 17. O-O-O Rf6 18. Ng5 Rh6
19. f4 Rf8 20. g3 Nf6 21. Rde1 1-0

[Event "8e Festival de Vaujany 2017 - accession"]
[Site "?"]
[Date "2017.07.18"]
[Round "6.6"]
[White "Billotti, Romain"]
[Black "Marchat, Gerard"]
[Result "0-1"]
[WhiteElo "1828"]
[BlackElo "1724"]
[PlyCount "54"]
[SourceDate "2017.07.14"]

1. d4 d5 2. c4 c6 3. e3 Bf5 4. Nf3 e6 5. Nc3 Nf6 6. Bd2 (6. Nh4 Bg6 (6... Be4
7. f3 Bg6 8. Qb3 Qc7 9. Bd2 Be7 (9... Nbd7) (9... Bd6 10. cxd5 exd5 11. O-O-O))
7. Nxg6 hxg6) (6. Bd3) (6. Be2) (6. Qb3) 6... h6 (6... Nbd7 7. Be2 Bd6 8. O-O
O-O 9. Rc1) 7. c5 Be7 8. Be2 O-O 9. O-O Nbd7 10. b4 Qc7 11. Qb3 e5 12. dxe5
Nxe5 13. Nd4 Bg6 14. h3 Rfe8 15. f4 Ned7 16. f5 Bh5 17. Qd1 Bxe2 18. Qxe2 Ne5
19. e4 Nxe4 20. Nxe4 dxe4 21. Qxe4 Bf6 22. Qc2 Qd7 23. Be3 $6 (23. Nb3) 23...
Ng4 24. hxg4 Rxe3 25. Nxc6 Qxc6 26. Rad1 Qe4 27. Qc1 (27. Qxe4 Rxe4 28. a3 (28.
Rd7 Rxb4) 28... Rxg4) 27... Bd4 0-1

[Event "8e Festival de Vaujany 2017 - accession"]
[Site "?"]
[Date "2017.08.02"]
[Round "6.7"]
[White "Koltai, Daniel"]
[Black "Joachim, Rodny"]
[Result "1/2-1/2"]
[WhiteElo "1812"]
[BlackElo "1685"]
[PlyCount "28"]
[SourceDate "2017.07.14"]

1. e4 c5 2. Nf3 Nc6 3. d4 cxd4 4. Nxd4 Nf6 5. Nc3 e5 6. Ndb5 d6 7. Bg5 a6 8.
Na3 b5 9. Nd5 (9. Bxf6 gxf6 10. Nd5) 9... Qa5+ 10. Bd2 Qd8 11. Bg5 Qa5+ 12. Bd2
Qd8 13. Bg5 {les blancs ne sont pas d'humeur combative} (13. Nxf6+ Qxf6 14. Bd3
) 13... Qa5+ 14. Bd2 {une nulle bien connue} Qd8 1/2-1/2

[Event "8e Festival de Vaujany 2017 - accession"]
[Site "?"]
[Date "2017.07.18"]
[Round "6.8"]
[White "Godart, Michel"]
[Black "Skomorokhina, Ekaterina"]
[Result "0-1"]
[WhiteElo "1651"]
[BlackElo "1812"]
[PlyCount "59"]
[SourceDate "2017.07.14"]

1. c4 Nf6 2. Nc3 g6 3. g3 Bg7 4. Bg2 O-O 5. e4 d6 6. Nge2 (6. d4 e5 7. Nge2 (7.
d5)) 6... c5 7. d3 Nc6 8. O-O Rb8 9. h3 a6 10. a4 Bd7 (10... Ne8 11. Be3 Nd4)
11. f4 Nb4 12. g4 Qc7 13. Be3 Bc6 14. Ng3 Nd7 15. Qd2 b5 16. Nd5 Bxd5 17. exd5
bxc4 18. dxc4 Nb6 19. Qe2 a5 20. Ne4 Qd7 21. Nc3 e6 22. Rfd1 exd5 23. Nxd5
N4xd5 24. Bxd5 Nxa4 25. Qc2 Nb6 26. Bg2 Qe6 27. Bf2 a4 28. Ra2 Qxc4 29. Qxc4
Nxc4 30. Rxa4 $2 0-1

[Event "8e Festival de Vaujany 2017 - accession"]
[Site "?"]
[Date "2017.07.18"]
[Round "6.9"]
[White "Weisz, Jacques"]
[Black "Masalles, Pierre"]
[Result "1-0"]
[WhiteElo "1745"]
[BlackElo "1719"]
[PlyCount "75"]
[SourceDate "2017.07.14"]

1. d4 Nf6 2. c4 g6 3. Nc3 Bg7 4. Nf3 O-O 5. e4 d6 6. Be2 e5 7. O-O Nc6 8. d5
Ne7 9. Rb1 Ne8 10. b4 f5 11. Nd2 Nf6 12. Qc2 fxe4 13. Ncxe4 Nf5 14. Bb2 Qe7 15.
Rfe1 h6 16. Rbc1 Kh7 17. Qd3 Qf7 18. Nxf6+ Bxf6 19. Ne4 Nd4 20. Nxf6+ Qxf6 21.
Bxd4 exd4 22. Qg3 Bf5 23. Bf1 Rae8 24. c5 Rxe1 25. Rxe1 Rf7 26. Qf4 b6 27. cxd6
cxd6 28. h3 Bc2 29. Qd2 d3 30. g3 Qg5 31. Re3 Rf3 32. h4 Qxd5 33. Bg2 Rxg3 34.
Rxg3 Qxa2 35. Be4 Qa1+ 36. Kg2 Qf6 37. h5 Qe5 38. Bxg6+ 1-0

[Event "8e Festival de Vaujany 2017 - accession"]
[Site "?"]
[Date "2017.07.18"]
[Round "6.10"]
[White "Dreyfus, Jacques"]
[Black "Arcusa, Michel"]
[Result "1-0"]
[WhiteElo "1712"]
[BlackElo "1816"]
[PlyCount "55"]
[SourceDate "2017.07.14"]

1. e4 d6 2. d4 Nf6 3. Nc3 g6 4. Be3 Bg7 5. Qd2 (5. Bd2 c6 6. Nf3 b5 7. Bd3 Ng4
8. Bg5 h6 9. Bh4 b4 10. Ne2 c5 11. h3 Nf6 12. e5 Nh7 13. dxc5 d5 14. Bb5+ Kf8)
5... c6 6. Nf3 b5 7. Bd3 Ng4 8. Bg5 h6 9. Bh4 b4 10. Ne2 c5 11. h3 Nf6 12. e5
Nh7 13. dxc5 d5 14. Bb5+ Kf8 15. O-O-O g5 16. Qxd5 Qxd5 17. Rxd5 e6 18. Rd8+
Ke7 19. Rxh8 Bxh8 20. Bg3 a6 21. Bd3 Nf8 22. Be4 Ra7 23. Rd1 Rc7 24. h4 g4 25.
Nh2 Rxc5 26. Nxg4 h5 27. Nf6 Nbd7 28. Nxh5 1-0

[Event "8e Festival de Vaujany 2017 - accession"]
[Site "?"]
[Date "2017.07.18"]
[Round "6.38"]
[White "Shin , Jae Yeol"]
[Black "Schwartz, Pierre"]
[Result "0-1"]
[WhiteElo "1824"]
[BlackElo "1374"]
[PlyCount "64"]
[SourceDate "2017.07.14"]

1. e4 e6 2. d4 d5 3. exd5 exd5 4. Bd3 Be7 5. Nf3 Nf6 6. Bf4 O-O 7. O-O Bg4 8.
Nbd2 Nc6 9. Re1 Nxd4 10. h3 Nxf3+ 11. Nxf3 Be6 12. Ng5 c5 13. Nxe6 fxe6 14.
Rxe6 Rf7 15. c4 Rc8 16. Qb3 b6 17. Rd1 d4 18. Qc2 g6 19. Bg5 Qf8 20. Be4 Rd8
21. Qc1 Nxe4 22. Bxe7 Rxe7 23. Rxe7 Qxe7 24. Re1 Qh4 25. f3 Ng3 26. Qd2 d3 27.
Re3 Ne2+ 28. Kf1 Nf4 29. Re4 g5 30. g3 Qxg3 31. Qc3 Qg2+ 32. Ke1 d2+ 0-1

[Event "8e Festival de Vaujany 2017 - accession"]
[Site "?"]
[Date "2017.07.19"]
[Round "7.1"]
[White "Mars, Fiona"]
[Black "Sesia, Noah"]
[Result "1-0"]
[WhiteElo "1733"]
[BlackElo "1723"]
[PlyCount "54"]
[SourceDate "2017.07.14"]

1. Nf3 d5 2. e3 Nf6 3. d4 e6 4. Bd3 c5 5. b3 Nc6 6. O-O Bd6 7. Bb2 O-O 8. Nbd2
Qc7 9. h3 (9. c4) (9. dxc5 Bxc5 10. c4) (9. a3 e5 10. dxc5 Bxc5 11. e4 d4) 9...
e5 10. dxe5 Nxe5 11. Nxe5 Bxe5 12. c3 Qe7 13. Nf3 Bc7 14. c4 dxc4 15. Bxc4 Bf5
16. Qe2 Rad8 17. Rfd1 Ne4 18. Rac1 Rd6 19. Rd5 Rxd5 20. Bxd5 Bd6 21. Nd2 b6 22.
Qf3 Nxd2 23. Qxf5 Rd8 24. Rd1 Ne4 25. Bxe4 g6 26. Qf3 Re8 27. Bd5 Rd8 1-0

[Event "8e Festival de Vaujany 2017 - accession"]
[Site "?"]
[Date "2017.07.19"]
[Round "7.2"]
[White "Vanhee, Audrey"]
[Black "Gazik, Jakub"]
[Result "1/2-1/2"]
[WhiteElo "1707"]
[BlackElo "1715"]
[PlyCount "79"]
[SourceDate "2017.07.14"]

1. d4 e6 2. c4 b6 3. e4 Bb7 4. Nc3 Bb4 5. Bd3 Nf6 6. f3 d5 7. cxd5 exd5 8. e5
Nfd7 9. a3 Be7 10. f4 c5 11. Nf3 cxd4 12. Nxd4 Nc6 13. Be3 Bc5 14. Bb5 Nxd4 15.
Bxd4 a6 16. Be2 Bxd4 17. Qxd4 Nc5 18. Bf3 O-O 19. Rd1 Ne6 20. Qd2 Qc7 21. Nxd5
Bxd5 22. Bxd5 Rfd8 23. Qf2 Rd7 24. O-O Nxf4 25. Qxf4 Qc5+ 26. Qd4 Rxd5 27. Qxc5
Rxc5 28. Rd6 Rb8 29. Rfd1 g6 30. e6 fxe6 31. Rxe6 Rc2 32. b4 Ra2 33. Rd3 Rc8
34. h3 Rcc2 35. Rg3 Rc1+ 36. Kh2 Rca1 37. Rxb6 Rxa3 38. Rxa3 Rxa3 39. b5 axb5
40. Rxb5 1/2-1/2

[Event "8e Festival de Vaujany 2017 - accession"]
[Site "?"]
[Date "2017.07.19"]
[Round "7.3"]
[White "Chabaud, Mathis"]
[Black "Dreyfus, Jacques"]
[Result "1/2-1/2"]
[WhiteElo "1671"]
[BlackElo "1712"]
[PlyCount "86"]
[SourceDate "2017.07.14"]

1. e4 e5 2. Nf3 Nc6 3. Bc4 Nf6 4. d3 Bc5 5. c3 d6 6. O-O h6 7. a4 a5 8. Re1 O-O
9. h3 Be6 10. Nbd2 Re8 11. Nf1 d5 12. exd5 Bxd5 13. Bxd5 Qxd5 14. Be3 Rad8 15.
Bxc5 Qxc5 16. Re3 Qd6 17. Qc2 Nd5 18. Re4 Nf4 19. Rd1 f5 20. Rxf4 exf4 21. d4
Qd5 22. N1d2 g6 23. c4 Qd6 24. d5 Nb4 25. Qc3 c6 26. Nb3 cxd5 27. c5 Qc7 28.
Nfd4 Ra8 29. Re1 Rxe1+ 30. Qxe1 Qd7 31. Qe5 Re8 32. Qxf4 g5 33. Qd2 Qxa4 34.
Nxf5 Qxb3 35. Qd4 Re1+ 36. Kh2 Kf7 37. Qg7+ Ke8 38. Nd6+ Kd8 39. Nxb7+ Kc8 40.
Nd6+ Kd8 41. Nb7+ Kc8 42. Nd6+ Kd8 43. Nb7+ Kc8 1/2-1/2

[Event "8e Festival de Vaujany 2017 - accession"]
[Site "?"]
[Date "2017.07.19"]
[Round "7.4"]
[White "Skomorokhina, Ekaterina"]
[Black "Weisz, Jacques"]
[Result "1-0"]
[WhiteElo "1812"]
[BlackElo "1745"]
[PlyCount "47"]
[SourceDate "2017.07.14"]

1. d4 e6 2. Nf3 d5 3. Bf4 Nf6 4. e3 Bd6 5. Bg3 O-O 6. Nbd2 c5 7. c3 Nc6 8. Bd3
b6 9. Ne5 Bb7 10. f4 Rc8 11. O-O Nb8 12. Qe2 (12. Qc2 Qc7 13. Bh4 Ne4 14. g4 f6
15. Nef3 Nd7 16. g5 Kh8 17. Kg2) 12... Qc7 13. Bh4 Ne4 14. g4 f6 15. Nef3 Nd7
16. g5 Kh8 17. Qg2 Be7 18. Kh1 e5 19. gxf6 gxf6 20. fxe5 Rg8 21. Qh3 Qc6 22.
exf6 Ndxf6 23. Ne5 Qe8 24. Bxe4 (24. Bxe4 Nxe4 (24... dxe4 25. Bxf6+ Bxf6 26.
Rxf6) 25. Nf7+ Kg7 26. Bxe7 Qxe7 27. Qh6#) 1-0

[Event "8e Festival de Vaujany 2017 - accession"]
[Site "?"]
[Date "2017.07.19"]
[Round "7.5"]
[White "Marchat, Gerard"]
[Black "De Muyser, Xavier"]
[Result "1-0"]
[WhiteElo "1724"]
[BlackElo "1751"]
[PlyCount "91"]
[SourceDate "2017.07.14"]

1. d4 d6 2. e4 Nf6 3. Nc3 c6 4. Bd3 e5 5. Nge2 d5 6. dxe5 dxe4 7. Bxe4 Qxd1+ 8.
Kxd1 Ng4 9. Ke1 Bc5 10. Nd1 Nxe5 11. Be3 Bb4+ 12. c3 Bd6 13. f3 f5 14. Bc2 O-O
15. Bb3+ Kh8 16. Nf2 f4 17. Bxf4 Nxf3+ 18. gxf3 Bxf4 19. Nxf4 Rxf4 20. Rd1 Rf8
21. Ne4 Nd7 22. Nd6 Ne5 23. Rf1 Bh3 24. Rf2 g5 25. Ke2 b5 26. Rd4 Kg7 27. Re4
Ng6 28. Ke1 Rad8 29. Rd4 c5 30. Rdd2 c4 31. Bc2 a6 32. Be4 Nf4 33. Rd4 Ne6 34.
Rd5 h6 35. Rfd2 Nf4 36. R5d4 Kg8 37. Nxb5 Rb8 38. Na3 Rfe8 39. Nxc4 g4 40. Kd1
Bg2 41. Bd5+ Nxd5 42. Rxg4+ Kf8 43. Rgxg2 Nf4 44. Rg4 Nh3 45. Rh4 Ng5 46. Rxh6
1-0

[Event "8e Festival de Vaujany 2017 - accession"]
[Site "?"]
[Date "2017.07.19"]
[Round "7.6"]
[White "David, Iris"]
[Black "Koltai, Daniel"]
[Result "1-0"]
[WhiteElo "1668"]
[BlackElo "1812"]
[PlyCount "70"]
[SourceDate "2017.07.14"]

1. d4 Nf6 2. c4 g6 3. Nc3 Bg7 4. e4 d6 5. Nf3 O-O 6. Be2 Bg4 {une suite
inhabituelle (e5, Cbd7 et c5 sont plus fréquents)} 7. O-O (7. Be3 Nfd7 8. Rc1 (
8. Ng1 Bxe2 9. Ngxe2 c5 10. O-O cxd4 (10... Nc6 11. d5) 11. Nxd4) 8... e5 9. d5
) 7... Nfd7 8. Be3 Nc6 9. a3 (9. d5 Bxf3 10. Bxf3 Na5 (10... Nce5 11. Be2) 11.
Be2) 9... Bxf3 10. Bxf3 e5 11. d5 Nd4 12. Bxd4 exd4 13. Ne2 Qf6 14. Rc1 Rfe8
15. b4 Ne5 16. Nxd4 Nxf3+ 17. Nxf3 Rxe4 18. Re1 Rae8 19. Rxe4 Rxe4 20. Qd3 Qf4
21. Rc2 b6 22. g3 Qg4 23. Kg2 Re7 24. Re2 Rxe2 25. Qxe2 Qd7 26. h3 Kf8 27. Ng5
h6 28. Nf3 Qa4 29. Qa2 Qd1 30. Qd2 Qa1 31. Qe3 Qb2 32. Nd2 g5 33. Ne4 Qa2 34.
Nxg5 hxg5 35. Qxg5 Qxc4 $4 (35... Qe2 36. Qd8+ Qe8 37. Qxc7 Qe4+ 38. Kg1 Qe1+
39. Kg2 Qe4+ 40. Kg1 $11) (35... Kg8 36. Qd8+ Kh7 37. Qh4+ Kg6 (37... Kg8 38.
Qd8+ $11) 38. Qg4+ Kf6) 1-0

[Event "8e Festival de Vaujany 2017 - accession"]
[Site "?"]
[Date "2017.07.19"]
[Round "7.7"]
[White "Joachim, Rodny"]
[Black "Lees, Jean Pierre"]
[Result "1/2-1/2"]
[WhiteElo "1684"]
[BlackElo "1780"]
[PlyCount "59"]
[SourceDate "2017.07.14"]

1. e4 e6 2. d4 d5 3. exd5 exd5 4. Bd3 Bd6 5. Nf3 Nf6 6. Bg5 h6 7. Bh4 Be6 8.
O-O O-O 9. Nbd2 Nbd7 10. c3 c6 11. Re1 Qc7 12. Bg3 Bxg3 13. hxg3 Bg4 14. Qc2
Rae8 15. Bf5 Bxf5 16. Qxf5 Rxe1+ 17. Rxe1 Re8 18. Rxe8+ Nxe8 19. g4 g6 20. Qd3
Qf4 21. g5 hxg5 22. g3 Qf6 23. Qe3 Nd6 24. Qxg5 Qxg5 25. Nxg5 Kg7 26. Ngf3 Kf6
27. Ne1 Kf5 28. Nd3 Ne4 29. Nf1 Nd6 30. Nd2 1/2-1/2

[Event "8e Festival de Vaujany 2017 - accession"]
[Site "?"]
[Date "2017.07.19"]
[Round "7.8"]
[White "Gallet, Gilles"]
[Black "Kim , Yun Seo"]
[Result "0-1"]
[WhiteElo "1665"]
[BlackElo "1763"]
[PlyCount "106"]
[SourceDate "2017.07.14"]

1. d4 Nf6 2. Nf3 d5 3. Bf4 c5 4. e3 Nc6 5. Nbd2 e6 6. c3 Bd6 7. Bxd6 Qxd6 8.
Bd3 O-O 9. O-O e5 10. dxe5 Nxe5 11. Nxe5 Qxe5 12. Nf3 Qc7 13. h3 b6 14. Rc1 Bb7
15. Qe2 Ne4 16. Rfd1 Rad8 17. c4 dxc4 18. Bxc4 Qe7 19. Bd3 Rd6 20. Bxe4 Bxe4
21. Rxd6 Qxd6 22. Rd1 Qe7 23. a3 Rd8 24. Rxd8+ Qxd8 25. Qd2 Qd5 26. Qxd5 Bxd5
27. Nd2 Kf8 28. e4 Bc6 29. f4 Ke7 30. Kf2 f6 31. g3 Ke6 32. Ke3 Bb5 33. f5+ Ke5
34. Nf3+ Kd6 35. Kf4 g5+ 36. fxg6 hxg6 37. e5+ Ke6 38. exf6 Kxf6 39. h4 Be8 40.
Ne5 Ke6 41. Ng4 b5 42. Kg5 b4 43. Ne3 bxa3 44. bxa3 Ke5 45. Nc4+ Kd5 46. Nd2 c4
47. Kf4 Kd4 48. Nf3+ Kc3 49. Ke3 Kb2 50. Ne1 Kxa3 51. Nc2+ Kb2 52. Nb4 a5 53.
Nd5 c3 0-1

[Event "8e Festival de Vaujany 2017 - accession"]
[Site "?"]
[Date "2017.07.19"]
[Round "7.9"]
[White "Godefroy, Philippe"]
[Black "Kondratoff, Patrice"]
[Result "1-0"]
[WhiteElo "1663"]
[BlackElo "1729"]
[PlyCount "99"]
[SourceDate "2017.07.14"]

1. f4 d6 2. Nf3 Nf6 3. e3 Bg4 4. Be2 c6 5. O-O Nbd7 6. d3 Qc7 7. Nbd2 e5 8.
fxe5 dxe5 9. e4 Be7 10. Qe1 O-O 11. Nc4 b5 12. Ne3 Bc5 13. Kh1 Qb6 14. Bd1 a5
15. h3 Be6 16. Ng5 Rae8 17. Qg3 Bxe3 18. Bxe3 c5 19. Nxe6 Rxe6 20. Bh6 Ne8 21.
Be3 Rg6 22. Qh4 Nef6 23. Rf5 Qc6 24. Bh5 Nxh5 25. Rxh5 h6 26. Rf1 Qd6 27. Rhf5
Qe6 28. Qf2 c4 29. Qd2 Nf6 30. Qxa5 Nh5 31. Rxh5 cxd3 32. cxd3 Rg3 33. Rf3 Rxf3
34. gxf3 Qg6 35. Rf5 Qg3 36. Qd2 Qxh3+ 37. Kg1 Qg3+ 38. Kf1 g6 39. Rf6 Kg7 40.
Bxh6+ Kxf6 41. Bxf8 Qh3+ 42. Qg2 Qc8 43. Bh6 Qa6 44. Qg5+ Ke6 45. a3 b4 46. Qd8
bxa3 47. bxa3 Qxa3 48. Qd5+ Kf6 49. Qc6+ Ke7 50. Bg5+ 1-0

[Event "8e Festival de Vaujany 2017 - accession"]
[Site "?"]
[Date "2017.07.19"]
[Round "7.10"]
[White "Thoue, Jean Claude"]
[Black "Juncker, Jules"]
[Result "0-1"]
[WhiteElo "1638"]
[BlackElo "1699"]
[PlyCount "68"]
[SourceDate "2017.07.14"]

1. e4 e6 2. d4 d5 3. e5 c5 4. c3 Nc6 5. Nf3 Bd7 6. a3 f6 7. Bb5 Nge7 8. exf6
gxf6 9. Nh4 Qb6 10. Bxc6 Qxc6 11. Qh5+ Kd8 12. O-O Be8 13. Qe2 Ng6 14. Nxg6
hxg6 15. Bf4 Bd6 16. Bg3 Bf7 17. b4 c4 18. a4 Ke7 19. b5 Qc7 20. Qf3 f5 21.
Bxd6+ Qxd6 22. Qg3 f4 23. Qg5+ Kd7 24. Qe5 Qxe5 25. dxe5 Rh5 26. Re1 Rah8 27.
h3 f3 28. Re3 fxg2 29. Kxg2 Rg5+ 30. Kh2 Rf5 31. Kg3 Rhh5 32. Nd2 Rhg5+ 33. Kh4
Rg2 34. Rf3 Rh5# 0-1

[Event "8e Festival de Vaujany 2017 - accession"]
[Site "?"]
[Date "2017.07.19"]
[Round "7.41"]
[White "Porte, Jacques"]
[Black "Shin , Jae Yeol"]
[Result "1-0"]
[WhiteElo "1310"]
[BlackElo "1824"]
[PlyCount "71"]
[SourceDate "2017.07.14"]

1. d4 d6 2. Nf3 Nf6 3. c4 d5 4. Nc3 c6 5. Bf4 Bf5 6. e3 e6 7. h3 Bb4 8. Bd3
Bxc3+ 9. bxc3 Qa5 10. Bxf5 Qxc3+ 11. Nd2 exf5 12. Rc1 Qa5 13. O-O Qxa2 14. f3
O-O 15. Bd6 Re8 16. Ra1 Qb2 17. Rb1 Qc3 18. Rb3 Qa5 19. Be5 Nbd7 20. f4 Ne4 21.
Nxe4 fxe4 22. Bxg7 Kxg7 23. Qg4+ Kh8 24. Qxd7 dxc4 25. Rxb7 Rf8 26. Qxc6 Qc3
27. Qxe4 Rae8 28. Re7 Rxe7 29. Qxe7 Rg8 30. Qe5+ Rg7 31. Rb1 h6 32. Rb8+ Kh7
33. Qf5+ Rg6 34. Qxf7+ Rg7 35. Qf5+ Rg6 36. Rb7+ 1-0

[Event "8e Festival de Vaujany 2017 - accession"]
[Site "?"]
[Date "2017.07.20"]
[Round "8.1"]
[White "Skomorokhina, Ekaterina"]
[Black "Mars, Fiona"]
[Result "1-0"]
[WhiteElo "1812"]
[BlackElo "1733"]
[PlyCount "66"]
[SourceDate "2017.07.14"]

1. d4 c5 2. c3 (2. d5) (2. e3) (2. Nf3) 2... d5 3. Bf4 Qb6 4. Qc2 (4. Qb3) 4...
Nc6 5. e3 Nf6 6. Nf3 Bg4 7. Nbd2 Rc8 (7... e6 8. Bd3) 8. Bd3 e6 9. h3 c4 (9...
Bxf3 10. Nxf3 cxd4 11. exd4 Be7 12. O-O O-O 13. Qe2 h6 14. Rad1 Na5 15. Ne5
Rfd8 16. Bg3 Nd7 17. f4 Nxe5 18. fxe5 Nc4 19. b3 Na3 20. Qh5 Rf8 21. Be1 Nb5
22. Rf3 f5 23. Bxb5 Qxb5 24. Rg3 Bg5 25. h4 Bf4 26. Rgd3 Qb6 27. Kh1 Qc7 28. g3
Bxe5 29. dxe5 Qxe5 {1-0 (29) Rivera,I (2144)-Guarin Cardona,D (1846) Cali 2008}
) 10. Be2 Bf5 11. Qc1 h6 12. O-O Qd8 13. b3 b5 14. b4 Ne4 15. Nxe4 Bxe4 16. a4
a6 17. axb5 axb5 18. Qa3 g5 19. Bg3 h5 20. Qa6 {(29')} Be7 {(12')} 21. Qxb5 f6
22. Ra6 Qd7 23. Nd2 Bg6 24. Rfa1 Bd8 25. Ra8 Rxa8 26. Rxa8 Kf7 27. Ra6 Ne5 28.
Qb8 Nc6 29. Qa8 Ne7 30. Qa7 Qxa7 31. Rxa7 Kf8 32. Bd6 Rh7 33. Bd1 Be8 (33...
Be8 34. Ra8 Bb6 35. Ba4 {gagne une pièce}) 1-0

[Event "8e Festival de Vaujany 2017 - accession"]
[Site "?"]
[Date "2017.07.20"]
[Round "8.2"]
[White "Vanhee, Lars"]
[Black "Marchat, Gerard"]
[Result "0-1"]
[WhiteElo "1707"]
[BlackElo "1724"]
[PlyCount "117"]
[SourceDate "2017.07.14"]

1. d4 d5 2. c4 c6 3. Nf3 dxc4 4. g3 (4. e3 Be6 (4... b5 5. a4 e6 6. axb5 cxb5
7. b3) 5. Nc3 b5 6. a4 b4 7. Ne4) 4... Bf5 (4... b5 5. Bg2 Bb7 6. O-O) 5. a4 (
5. Nc3 Nf6 6. Bg2 Nbd7 7. O-O e6 8. Nh4 Bg6 9. Nxg6 hxg6 10. e4 Bb4 11. d5 Nc5
12. Bg5 e5 13. Qc2 Qc7 14. dxc6 Bxc3 15. cxb7 Rb8 16. Qxc3 Ncxe4 17. Qe3 Nxg5
18. Qxg5 O-O 19. Rfe1 Rfe8 20. Rac1 e4 21. b3 c3 22. Qe3 Nd5 23. Qd4 Qe5 24.
Qxe5 Rxe5 25. Rxe4 Rf5 26. Rd4 Nb6 27. Rxc3 Re5 28. f4 Re1+ 29. Kf2 Re7 30. Rd6
Kf8 31. a4 f6 32. a5 Nd7 33. Rc8+ Kf7 34. Bd5+ {1-0 (34) Van Heirzeele,D (2234)
-Hervais,A (2071) Cannes 2007}) 5... e6 6. Bg2 Nf6 7. O-O Be7 8. Ne5 O-O 9.
Nxc4 Nbd7 10. Nc3 Nb6 11. Ne5 Nbd5 12. Re1 (12. a5 Qc7 13. a6 b6 14. Re1 Rac8
15. e4 Nxc3 16. bxc3 Bg6 17. Bf4 Qd8 18. Qa4 c5 19. Nc6 Qd7 20. d5 Nh5 21.
Nxe7+ Qxe7 22. d6 Qd8 23. d7 Ra8 24. Bd6 Nf6 25. Bxf8 Kxf8 26. e5 {1-0 (26)
Demeny,A (2145)-Fenyes,G (2110) Hungary 2005}) 12... Bb4 13. Bd2 Qa5 14. e4
Nxc3 15. bxc3 Bxc3 16. Bxc3 Qxc3 17. exf5 exf5 18. Re3 Qa5 19. Qb1 Nd5 20. Bxd5
Qxd5 21. Qd3 Rad8 22. Rd1 Rfe8 23. Qc4 Rxe5 24. Qxd5 Rexd5 25. Rb1 b6 26. Rbe1
Kf8 27. Re7 R5d7 28. R7e5 Rxd4 29. a5 R4d5 30. Re7 Rxa5 31. Rc7 Re8 32. Rd1
Rae5 33. Kf1 R5e7 34. Rxc6 g6 35. h4 h5 36. Kg2 Re6 37. Rc7 R8e7 38. Rd8+ Kg7
39. Rcc8 a5 40. Ra8 Rb7 41. Rd5 Ree7 42. Ra6 Kf6 43. Rdxa5 Re6 44. Rb5 Ke7 45.
Ra3 Kd6 46. Rc3 Re5 47. Rd3+ Ke6 48. Rb2 b5 49. Ra2 b4 50. Ra6+ Ke7 51. Rb3 Re6
52. Ra4 Reb6 53. Kf3 Kd6 54. Ke3 Kc5 55. Kd3 Re7 56. Ra1 Rd6+ 57. Kc2 Re2+ 58.
Kc1 Re1+ 59. Kc2 (59. Kb2 Rd2#) 0-1

[Event "8e Festival de Vaujany 2017 - accession"]
[Site "?"]
[Date "2017.07.20"]
[Round "8.3"]
[White "Gazik, Jakub"]
[Black "Chabaud, Mathis"]
[Result "1/2-1/2"]
[WhiteElo "1715"]
[BlackElo "1671"]
[PlyCount "121"]
[SourceDate "2017.07.14"]

1. Nf3 c5 2. e4 Nc6 3. g3 d6 4. Bg2 g6 5. O-O Bg7 6. Qe2 e5 7. h3 Nge7 8. Nc3
O-O 9. d3 h6 10. Bd2 g5 11. g4 Ng6 12. Nd5 Nce7 13. Nxe7+ Qxe7 14. Rad1 Nf4 15.
Bxf4 gxf4 16. Kh2 Bf6 17. Rg1 Kh7 18. Bh1 Rg8 19. Rg2 Be6 20. Rdg1 Qd7 21. Nd2
Bg5 22. Nf3 Bf6 23. Nd2 Bh8 24. g5 Rg6 25. Qh5 Rag8 26. Nf3 f6 27. Nh4 Rxg5 28.
Rxg5 fxg5 29. Nf3 Bf6 30. Ne1 Qf7 31. Qxf7+ Bxf7 32. Bf3 h5 33. Be2 Kh6 34. f3
Bd8 35. c4 Ba5 36. Nc2 a6 37. b3 b5 38. Na3 Be8 39. Kh1 Bb4 40. Nc2 Bc3 41. Kh2
Rg7 42. Kh1 Rb7 43. Bd1 bxc4 44. dxc4 a5 45. Ne1 a4 46. Kh2 Ra7 47. Kh1 axb3
48. axb3 Ra1 49. Nd3 Bd7 50. Kh2 Bd4 51. Re1 Bc3 52. Rg1 Ra2+ 53. Rg2 Rxg2+ 54.
Kxg2 Kg6 55. Nf2 Bd4 56. Nd3 g4 57. hxg4 hxg4 58. fxg4 Kg5 59. Kh3 Bc8 60. Bf3
Bb7 61. Bg2 1/2-1/2

[Event "8e Festival de Vaujany 2017 - accession"]
[Site "?"]
[Date "2017.07.20"]
[Round "8.4"]
[White "Kim , Yun Seo"]
[Black "Juncker, Jules"]
[Result "1-0"]
[WhiteElo "1763"]
[BlackElo "1699"]
[PlyCount "123"]
[SourceDate "2017.07.14"]

1. e4 e6 2. d4 d5 3. Nd2 Nf6 4. e5 Nfd7 5. Bd3 c5 6. c3 Nc6 7. Ne2 cxd4 8. cxd4
Be7 9. Nf3 O-O 10. h4 f6 11. Nf4 Nb6 12. Ng5 Bb4+ 13. Kf1 fxg5 14. Bxh7+ Kf7
15. Qh5+ Ke7 16. Ng6+ Kd7 17. Bxg5 Rf5 18. Qg4 Qe8 19. Nf4 Qf7 20. Bg6 Rxf4 21.
Bxf4 Qf8 22. Bg5 Kc7 23. Rh3 Bd7 24. Rf3 Qg8 25. Bf7 Qc8 26. a3 Bf8 27. Rc1 Kb8
28. h5 Nc4 29. Rc2 a5 30. Rd3 Ra6 31. Qh3 Rb6 32. h6 gxh6 33. Bxh6 Bxh6 34.
Qxh6 Rxb2 35. Rxb2 Nxb2 36. Rd2 Nc4 37. Rd1 Ka7 38. g4 b5 39. g5 b4 40. g6 Ne7
41. axb4 axb4 42. g7 b3 43. Qf6 Ng8 44. Bxg8 Qxg8 45. Qf8 Qh7 46. Qh8 Ne3+ 47.
fxe3 Bb5+ 48. Ke1 Qc2 49. Ra1+ Qa2 50. Rxa2+ bxa2 51. g8=Q a1=Q+ 52. Kf2 Qf1+
53. Kg3 Qg1+ 54. Kh4 Qe1+ 55. Kg5 Qxe3+ 56. Kf6 Qf3+ 57. Kxe6 Bd7+ 58. Kxd7
Qf5+ 59. e6 Kb6 60. Qb8+ Ka5 61. Qc7+ Kb4 62. Qhb8+ 1-0

[Event "8e Festival de Vaujany 2017 - accession"]
[Site "?"]
[Date "2017.07.20"]
[Round "8.5"]
[White "Sesia, Noah"]
[Black "David, Iris"]
[Result "1-0"]
[WhiteElo "1723"]
[BlackElo "1668"]
[PlyCount "47"]
[SourceDate "2017.07.14"]

1. d4 d5 2. Bg5 Nf6 3. Bxf6 exf6 4. Nf3 Bd6 5. e3 O-O 6. Be2 (6. Bd3 f5 7. O-O
Be6) 6... c6 7. c4 (7. O-O Nd7 8. Qd3 Re8 9. c4 dxc4 10. Qxc4) 7... dxc4 8.
Bxc4 b5 9. Be2 a6 10. O-O Bb7 11. Nc3 c5 12. Rc1 cxd4 13. exd4 Nd7 14. Qd3 Nb6
15. Ne4 Bf4 16. Rc2 Bd5 (16... Rc8 17. Nc5 Ba8) 17. b3 Re8 18. Nc5 Nd7 19. Qf5
Nxc5 20. Rxc5 Rxe2 21. Rxd5 Qc7 22. Rd7 Qc8 23. Qd5 Qf8 24. Rxf7 (24. Rxf7 Qxf7
25. Qxa8+ Qf8 26. Qxa6) 1-0

[Event "8e Festival de Vaujany 2017 - accession"]
[Site "?"]
[Date "2017.07.20"]
[Round "8.6"]
[White "Dreyfus, Jacques"]
[Black "Godefroy, Philippe"]
[Result "1-0"]
[WhiteElo "1712"]
[BlackElo "1663"]
[PlyCount "107"]
[SourceDate "2017.07.14"]

1. e4 e5 2. Nf3 d6 3. d4 exd4 (3... Nf6) 4. Qxd4 Nc6 5. Bb5 Bd7 6. Bxc6 Bxc6 7.
c4 Qf6 8. Nc3 Be7 9. Nd5 Bxd5 10. exd5 Qxd4 11. Nxd4 Bf6 (11... Nf6) 12. Be3
Ne7 13. O-O-O O-O 14. Rhe1 a6 15. Nf3 b5 16. Bd4 Bxd4 17. Nxd4 Ng6 18. cxb5
axb5 19. Nxb5 Rxa2 20. Kb1 Ra5 21. Nxc7 Ne5 22. f4 Ng6 23. g3 Ra7 (23... Rc8
24. Re8+ Rxe8 25. Nxe8 Ra6) 24. Rc1 h6 25. Nb5 Ra5 26. Nxd6 Rxd5 27. Rcd1 Rc5
28. b4 Rc6 29. b5 Rb6 30. Rd5 Rd8 31. Re8+ Rxe8 32. Nxe8 Kf8 33. Nd6 Ne7 34.
Rd2 Nc6 35. Ka2 Na7 36. Rd5 Ke7 37. Nf5+ Ke6 38. Re5+ Kf6 39. Nd4 Rd6 40. Nc2
Nc8 41. Kb3 Nb6 42. Ne3 g5 43. Nc4 Rd3+ (43... Nxc4 44. Kxc4 $8 gxf4 (44... Rd2
45. b6 gxf4 $18 46. gxf4) 45. gxf4 $18 Rd2 $18 {[%eval 508,19]} (45... Kg7 $18
{[%eval 490,22]})) 44. Kc2 Nxc4 45. Kxd3 Nxe5+ 46. fxe5+ Kxe5 47. b6 Kd6 48.
Ke4 Kc6 (48... Ke6 49. b7) 49. Kf5 Kxb6 50. Kf6 Kc5 51. Kxf7 h5 52. Kg6 h4 53.
Kxg5 hxg3 54. hxg3 1-0